000 002490000a22000970004500
100 1 _aBush, Luis
245 1 0 _aThe unfished task
300 _aVol. 13, Núm 2 (1996), Páginas 55-58
773 0 _tInternational Journal of Frontier Misions
942 _cANA
999 _c55250
_d55250